000 00425nam a2200169Ia 4500
008 210719s2002 xx 000 0 und d
020 _a997151141X
041 _aeng
082 _a668.9 BILT
100 _aBILLMEYER (Fred W)
245 _aText book of polymer science.
260 _aNY
_bJohn Wiley and Sons
_c2002
300 _axviii,578
_bPB
365 _b252
_cRs
650 _aChemical Technology
906 _aPolymer
999 _c213768
_d213768